| 000 | 00694cam a22001691 4500 | ||
|---|---|---|---|
| 082 | 0 | 0 |
_a621.317 _bBAS _cL-9, P-58 |
| 245 | 0 | 0 |
_aRelay protection electrician _c[by] E. Bass [and others] Translated from the Russian by J. Feinberg. Translation editor: B. Larin. |
| 260 |
_aMoscow, _bMIR Publishers, _c1967. |
||
| 300 |
_a435 p. _billus. _c21 cm. |
||
| 500 | _aTranslation, rev. from the 1963 ed., of Ėlektromonter po ėkspluatat︠s︡ii releĭnoĭ zashchity i avtomatiki. | ||
| 526 |
_a0 _b0 _c0 _d621_317000000000000_BAS |
||
| 650 | 0 |
_aElectric switchgear. _941056 |
|
| 650 | 0 |
_aMCE _9379 |
|
| 650 | 0 |
_aProtective relays. _941437 |
|
| 700 | 1 |
_aBass, Ėleonora Isaakovna. _941438 |
|
| 942 |
_2ddc _cBK |
||
| 999 |
_c545545 _d545545 |
||